000 00283nam a2200121Ia 4500
003 OSt
005 20230901082032.0
008 170523s9999 xx 000 0 und d
040 _cIIMT UNIVERSITY
100 _aLEVIN RICHARD I
245 0 _aStatistics for Management
942 _2ddc
_c02
999 _c10328
_d10328